Hamilton part 2 songs sudden death - Statistics

General Stats
  • This quiz has been taken 111 times
  • The average score is 6 of 23
Answers on the Grid
Answers color-coded by a green-red scale on the quiz's grid according to % correct below.
Say No To This
Washington on Your Side
The Schuyler Sisters
Blow us All Away
Wait For It
The Election of 1800
Farmer Refuted
What Comes Next?
Best of Wives and Best of Women
Non-Stop
The Story of Tonight (Reprise)
The World Was Wide Enough
You’ll Be Back
Yorktown (The World Turned Upside Down)
The Reynolds Pamphlet
That Would be Enough
Stay Alive
Your Obedient Servent
It’s Quiet Uptown
Aaron Burr, Sir
Stay Alive (Reprise)
Right-Hand Man
The Adams Administration
Cabinet Battle #1
Guns And Ships
We Know
Satisfied
Who Lives, Who Dies, Who Tells Your Story
Schuyler Defeated
Ten Duel Commandments
Dear Theodosia
What’d I Miss?
One Last Time
Alexander Hamilton
Helpless
The Room Where it Happens
My Shot
Hurricane
History Has It’s Eyes on You
Burn
Take a Break
Meet me Inside
The Story of Tonight
I Know Him
Cabinet Battle #2
A Winter’s Ball
 
Answer Stats
Answer % Correct
Say No To This
96%
Washington on Your Side
69%
Blow us All Away
33%
The Election of 1800
33%
Best of Wives and Best of Women
30%
Cabinet Battle #2
26%
The World Was Wide Enough
26%
Cabinet Battle #1
24%
The Room Where it Happens
24%
Burn
22%
The Adams Administration
22%
What’d I Miss?
22%
Who Lives, Who Dies, Who Tells Your Story
22%
Hurricane
20%
It’s Quiet Uptown
20%
Schuyler Defeated
20%
Stay Alive (Reprise)
20%
The Reynolds Pamphlet
20%
We Know
20%
Your Obedient Servent
20%
I Know Him
19%
One Last Time
19%
Take a Break
17%
No matching quizzes found
Score Distribution
Percent of People with Each Score
Percentile by Number Answered
Your Score History
You have not taken this quiz